| 000 | 00507nam a2200205Ia 4500 | ||
|---|---|---|---|
| 008 | 230125s9999 xx 000 0 und d | ||
| 020 | _a81-314-0239-8 | ||
| 041 | _aeng | ||
| 082 |
_a658.155 _bICF |
||
| 100 | _aICFAI | ||
| 245 | _aRisk and Insurance : Workbook | ||
| 250 | _a1st Ed. | ||
| 260 |
_c2005 _bICFAI publication _aHyderabad |
||
| 300 | _a128p | ||
| 440 | _aICFAI | ||
| 500 | _aRisk and Insurance;ICFAI Series Book | ||
| 650 | _aManagement | ||
| 700 | _aICFAI | ||
| 999 |
_c89503 _d89503 |
||